[Event "First Saturday 2006 augusztus FM-A"]
[Site "Budapest"]
[Date "2006.08.09"]
[Round "5"]
[White "Juhasz, Mark"]
[Black "Bolvary, Tamara"]
[Result "1/2-1/2"]
[WhiteElo "2169"]
[BlackElo "2104"]
[PlyCount "293"]
[EventDate "2006.08.05"]

1. c4 Nf6 2. g3 c6 3. Bg2 d5 4. Qc2 g6 5. b3 Bg7 6. Bb2 O-O 7. Nf3 Bf5 8. d3
Qc8 9. h3 h5 10. Nbd2 Nbd7 11. Nd4 e5 12. e4 exd4 13. exf5 Re8+ 14. Kf1 Ne5 15.
fxg6 fxg6 16. Bxd4 Qf5 17. Rd1 Nfg4 18. hxg4 Nxg4 19. Nf3 Bxd4 20. Nxd4 Qf6 21.
Nf3 Re3 22. Kg1 Rxf3 23. Bxf3 Qxf3 24. d4 Re8 25. Qxg6+ Kf8 26. Qd6+ Kg8 27.
Rf1 Re1 28. Qb8+ Kg7 29. Qxb7+ Kg8 30. Qb8+ Kg7 31. Qc7+ Kg8 32. Qd8+ Kf7 33.
Qd7+ Kg8 34. Qxg4+ Qxg4 35. Rxe1 Qxd4 36. Rh4 Qd2 37. Re6 Qxa2 38. Rxc6 Qxb3
39. cxd5 Qd1+ 40. Kh2 Qxd5 41. Rc8+ Kg7 42. Rc7+ Kg6 43. Rxa7 Qc5 44. Ra2 Kh6
45. Re2 Qf5 46. Rf4 Qc5 47. Re6+ Kg7 48. Ref6 h4 49. gxh4 Qe5 50. R6f5 Qd6 51.
Kg2 Qc6+ 52. Kh2 Qd6 53. Kg3 Qd3+ 54. f3 Qd6 55. Rf7+ Kg8 56. R7f5 Kg7 57. Rg5+
Kh7 58. Rh5+ Kg6 59. Rhf5 Kg7 60. Kg4 Qe6 61. h5 Kh6 62. Re4 Qd7 63. Kf4 Qd6+
64. Rfe5 Qd2+ 65. Kg3 Qd6 66. f4 Qd3+ 67. Re3 Qf1 68. Re6+ Kh7 69. Re7+ Kg8 70.
Re8+ Kf7 71. R8e7+ Kf8 72. Kg4 Qg1+ 73. Kf5 Qb1+ 74. Kf6 Qb6+ 75. Kg5 Qd8 76.
R3e5 Kg8 77. h6 Kh8 78. Kh4 Qd1 79. Kg5 Qd8 80. Kg4 Qd1+ 81. Kf5 Qh5+ 82. Ke4
Qe2+ 83. Kd4 Qd2+ 84. Kc5 Qa5+ 85. Kc6 Qa6+ 86. Kd7 Qb7+ 87. Ke6 Qc6+ 88. Kf5
Qc8+ 89. R7e6 Qf8+ 90. Rf6 Qc8+ 91. Kg5 Qd8 92. Kg6 Qg8+ 93. Kh5 Qd8 94. Rfe6
Qd1+ 95. Kg6 Qg4+ 96. Kf7 Qxf4+ 97. Ke7 Qb4+ 98. Rd6 Qb7+ 99. Rd7 Qb4+ 100. Rd6
Qb7+ 101. Kf6 Qf3+ 102. Rf5 Qc3+ 103. Kf7 Qc4+ 104. Re6 Qc7+ 105. Kg6 Qg3+ 106.
Rg5 Qd3+ 107. Kf6 Qd8+ 108. Kf5 Qd5+ 109. Re5 Qf3+ 110. Ke6 Qc6+ 111. Ke7 Qc7+
112. Kf8 Qd6+ 113. Kf7 Qc7+ 114. Kg6 Qd6+ 115. Kh5 Qd1+ 116. Rg4 Qh1+ 117. Kg5
Qc1+ 118. Rf4 Qg1+ 119. Kh5 Qh2+ 120. Kg5 Qg2+ 121. Kf5 Qc2+ 122. Rfe4 Qc8+
123. Re6 Qc5+ 124. R4e5 Qf2+ 125. Kg6 Qg3+ 126. Kf7 Qg8+ 127. Ke7 Qh7+ 128. Ke8
Qg8+ 129. Kd7 Qg4 130. Kd8 Qd4+ 131. Kc7 Qc3+ 132. Kb7 Qb2+ 133. Ka6 Qa2+ 134.
Kb6 Qb3+ 135. Kc5 Qc2+ 136. Kd6 Qd2+ 137. Ke7 Qb4+ 138. Ke8 Qa4+ 139. Kf7 Qf4+
140. Ke7 Qb4+ 141. Rd6 Qh4+ 142. Ke8 Qa4+ 143. Rd7 Qc6 144. Ree7 Qg6+ 145. Kd8
Qb6+ 146. Rc7 Qd6+ 147. Kc8 1/2-1/2

[Event "First Saturday 2006 augusztus FM-A"]
[Site "Budapest"]
[Date "2006.08.09"]
[Round "5"]
[White "Ohme, Melanie"]
[Black "Kubacsny, Vilmos"]
[Result "0-1"]
[WhiteElo "2123"]
[BlackElo "2079"]
[PlyCount "56"]
[EventDate "2006.08.05"]

1. e4 c5 2. Nf3 e6 3. d4 cxd4 4. Nxd4 a6 5. Nc3 Qc7 6. g3 Nf6 7. Bg2 Nc6 8. O-O
Be7 9. Nb3 O-O 10. f4 d6 11. a4 Rb8 12. Qe2 b6 13. Be3 Bb7 14. Kh1 Ba8 15. Qxa6
Nb4 16. Qe2 d5 17. e5 Nd7 18. Nd4 Qc4 19. Qxc4 dxc4 20. Rfd1 Nc5 21. Rd2 Bxg2+
22. Kxg2 Ra8 23. Ndb5 Rfd8 24. Rad1 Rxd2+ 25. Rxd2 Nxa4 26. Nxa4 Rxa4 27. Bxb6
Nd5 28. Nc7 Nxb6 0-1

[Event "First Saturday 2006 augusztus FM-A"]
[Site "Budapest"]
[Date "2006.08.09"]
[Round "5"]
[White "Hoang, Tri"]
[Black "Mizsei, Janos"]
[Result "0-1"]
[WhiteElo "2147"]
[BlackElo "2131"]
[PlyCount "74"]
[EventDate "2006.08.05"]

1. d4 Nf6 2. Bg5 e6 3. e4 h6 4. Bxf6 Qxf6 5. Nc3 Bb4 6. Qd3 O-O 7. Nf3 d5 8. e5
Qe7 9. a3 Bxc3+ 10. Qxc3 b6 11. O-O-O Ba6 12. Bxa6 Nxa6 13. Qd3 Nb8 14. h4 Nd7
15. Rde1 c5 16. c3 cxd4 17. Nxd4 Rac8 18. g4 Nc5 19. Qc2 f6 20. g5 fxg5 21. f3
Rf4 22. Kb1 Rxh4 23. Rxh4 gxh4 24. f4 Ne4 25. f5 exf5 26. Nxf5 Qxe5 27. Nxh4
Qg3 28. Rh1 Rf8 29. Qd1 Nf2 30. Qxd5+ Kh7 31. Ka2 Nxh1 32. Qe4+ g6 33. Qe7+ Kg8
34. Qe6+ Kg7 35. Qd7+ Rf7 36. Qd4+ Kh7 37. Qd5 Qf4 0-1

[Event "First Saturday 2006 augusztus FM-A"]
[Site "Budapest"]
[Date "2006.08.09"]
[Round "5"]
[White "Balogh, Laszlo"]
[Black "Szabo, Bence"]
[Result "1/2-1/2"]
[WhiteElo "2200"]
[BlackElo "2040"]
[PlyCount "51"]
[EventDate "2006.08.05"]

1. d4 e6 2. e4 d5 3. Nc3 Bb4 4. exd5 exd5 5. Bd3 c6 6. Nge2 Nf6 7. Bg5 Be7 8.
f3 O-O 9. h4 Qc7 10. Qd2 Na6 11. O-O-O Nb4 12. g4 Nxd3+ 13. Qxd3 b5 14. Rdg1 a5
15. Ng3 a4 16. Nf5 Bxf5 17. gxf5 Kh8 18. Kb1 Ng8 19. Bc1 Bd6 20. Ne2 Rfe8 21.
Rg2 f6 22. h5 h6 23. Rhg1 Ra7 24. Rg4 Qe7 25. R4g2 Qf7 26. Rh1 1/2-1/2

[Event "First Saturday 2006 augusztus FM-A"]
[Site "Budapest"]
[Date "2006.08.09"]
[Round "5"]
[White "Csapo, Zoltan"]
[Black "Honsch, Pal"]
[Result "0-1"]
[WhiteElo "2210"]
[BlackElo "2099"]
[PlyCount "48"]
[EventDate "2006.08.05"]

1. e4 c5 2. g3 d6 3. Bg2 Nc6 4. c3 g6 5. d4 cxd4 6. cxd4 Bg7 7. Ne2 Qb6 8. Be3
Qxb2 9. Nbc3 Nxd4 10. Rb1 Nc2+ 11. Kf1 Nxe3+ 12. fxe3 Qa3 13. Nd5 Rb8 14. Nd4
Bd7 15. Nc7+ Kf8 16. Ncb5 Bxb5+ 17. Nxb5 Qxe3 18. Nxd6 Bd4 19. Qc2 exd6 20. Rb3
Qg5 21. Ke2 Ne7 22. Rf1 Rc8 23. Qd3 Be5 24. Rxb7 Rc3 0-1

[Event "First Saturday 2006 augusztus FM-A"]
[Site "Budapest"]
[Date "2006.08.09"]
[Round "5"]
[White "Varga, Karoly"]
[Black "Letay, Gyula"]
[Result "1-0"]
[WhiteElo "2104"]
[BlackElo "2172"]
[PlyCount "67"]
[EventDate "2006.08.05"]

1. c4 e6 2. e4 d5 3. cxd5 exd5 4. exd5 Qxd5 5. Nc3 Qd8 6. Bc4 Nf6 7. Nf3 Be7 8.
O-O O-O 9. d4 Bg4 10. Be3 Nbd7 11. h3 Bh5 12. g4 Bg6 13. Ne5 Nb6 14. Nxg6 hxg6
15. Bb3 c6 16. Qf3 Qd7 17. a4 Rad8 18. a5 Nbd5 19. Rfc1 a6 20. g5 Ne8 21. Nxd5
cxd5 22. Ba4 Qd6 23. Rc3 Qb4 24. Rb3 Qxa5 25. Rxb7 Bd6 26. Qd1 Rb8 27. Rxb8
Bxb8 28. Bxe8 Qc7 29. Ba4 Qh2+ 30. Kf1 Qxh3+ 31. Ke2 f6 32. Qh1 Qe6 33. Bb3 Rd8
34. Ra5 1-0

[Event "First Saturday 2006 augusztus FM-A"]
[Site "Budapest"]
[Date "2006.08.09"]
[Round "5"]
[White "Fekete, Jozsef"]
[Black "Daamen, Ferry"]
[Result "0-1"]
[WhiteElo "2193"]
[BlackElo "2118"]
[PlyCount "82"]
[EventDate "2006.08.05"]

1. d4 Nf6 2. Bg5 d5 3. Nd2 Nbd7 4. Ngf3 g6 5. e3 Bg7 6. Bd3 O-O 7. O-O b6 8. c4
dxc4 9. Bxc4 Bb7 10. Qb3 c5 11. d5 b5 12. Bxb5 Bxd5 13. Bc4 Rb8 14. Qc2 Qb6 15.
b3 Qb7 16. Rac1 Rbc8 17. h3 Nb6 18. Rfe1 Nxc4 19. bxc4 Be6 20. e4 h6 21. Be3
Nd7 22. Nb3 Qc7 23. Red1 Rfd8 24. Qe2 Kh7 25. Ne1 Qc6 26. f3 Qa4 27. Bxc5 Nxc5
28. Nxc5 Rxd1 29. Nxa4 Rxc1 30. c5 Bd4+ 31. Kh2 Bxc5 32. Nd3 Bg1+ 33. Kg3 R1c2
34. Qd1 Be3 35. Nb4 Rd2 36. Qf1 g5 37. Nd5 Bxd5 38. exd5 Rcc2 39. d6 Bf4+ 40.
Kg4 Kg6 41. h4 Rxg2+ 0-1

[Event "First Saturday 2006 augusztus FM-A"]
[Site "Budapest"]
[Date "2006.08.10"]
[Round "6"]
[White "Bolvary, Tamara"]
[Black "Daamen, Ferry"]
[Result "1-0"]
[WhiteElo "2104"]
[BlackElo "2118"]
[PlyCount "143"]
[EventDate "2006.08.05"]

1. e4 c5 2. Nc3 Nc6 3. f4 g6 4. Nf3 Bg7 5. Bc4 e6 6. O-O Nge7 7. d3 d5 8. Bb3
O-O 9. Qe1 a6 10. a4 Nd4 11. Nxd4 cxd4 12. f5 gxf5 13. exf5 exf5 14. Ne2 Ng6
15. Qf2 Ne5 16. Nf4 Be6 17. Qg3 Ng6 18. Nh5 Be5 19. Bf4 f6 20. Rae1 Kf7 21.
Bxe5 fxe5 22. Rxe5 Nxe5 23. Qg7+ Ke8 24. Re1 Qe7 25. Qxe5 Kd7 26. Bxd5 Rae8 27.
Ng7 Bg8 28. Nxe8 Qxe5 29. Rxe5 Bxd5 30. Rxd5+ Kxe8 31. Rxd4 Ke7 32. Rd5 Ke6 33.
c4 Rc8 34. Kf2 Rc7 35. Kf3 Rg7 36. g3 h5 37. h4 Rg4 38. b4 Rg7 39. a5 Rg8 40.
Rc5 Rg7 41. d4 Rg4 42. Re5+ Kf6 43. Rd5 Ke6 44. Rd8 Ke7 45. Rh8 Rxd4 46. Rxh5
Rxc4 47. Rh7+ Kf6 48. Rxb7 Ke5 49. b5 axb5 50. Rxb5+ Kf6 51. Rb6+ Kg7 52. Ra6
Ra4 53. Ra8 Kg6 54. a6 Kf7 55. a7 Kg7 56. h5 Kh7 57. h6 Ra3+ 58. Kf4 Ra5 59.
Kg5 Ra6 60. Kxf5 Ra5+ 61. Ke4 Ra4+ 62. Kd5 Ra5+ 63. Kc4 Ra6 64. g4 Ra4+ 65. Kb5
Ra1 66. g5 Rb1+ 67. Kc4 Rc1+ 68. Kd3 Rd1+ 69. Ke2 Ra1 70. g6+ Kxh6 71. Rh8+
Kxg6 72. a8=Q 1-0

[Event "First Saturday 2006 augusztus FM-A"]
[Site "Budapest"]
[Date "2006.08.10"]
[Round "6"]
[White "Letay, Gyula"]
[Black "Fekete, Jozsef"]
[Result "1-0"]
[WhiteElo "2172"]
[BlackElo "2193"]
[PlyCount "87"]
[EventDate "2006.08.05"]

1. e4 d6 2. d4 g6 3. Nc3 Bg7 4. Be3 c6 5. Qd2 b5 6. f3 Nd7 7. g4 Nb6 8. h4 h5
9. g5 e6 10. a3 Ne7 11. d5 exd5 12. Bxb6 Qxb6 13. exd5 O-O 14. dxc6 Nxc6 15.
Nd5 Qb7 16. O-O-O Nd4 17. Nf6+ Bxf6 18. gxf6 Nf5 19. Bd3 Qc7 20. Nh3 Re8 21.
Rde1 Bd7 22. Qg5 Qc5 23. Nf4 Rxe1+ 24. Rxe1 Qf2 25. Ng2 Rc8 26. c3 Kh7 27. Rf1
Qg3 28. Qxg3 Nxg3 29. Re1 Nf5 30. Bxf5 gxf5 31. Re7 Bc6 32. Nf4 Kg8 33. Nxh5
Bxf3 34. Ng7 f4 35. Re8+ Rxe8 36. Nxe8 Be2 37. Kd2 f3 38. Nxd6 Kh7 39. Nxf7 Kg6
40. Ng5 Kxf6 41. Ke3 Kf5 42. Nxf3 Bc4 43. Kd4 Be2 44. Ne5 1-0

[Event "First Saturday 2006 augusztus FM-A"]
[Site "Budapest"]
[Date "2006.08.10"]
[Round "6"]
[White "Honsch, Pal"]
[Black "Varga, Karoly"]
[Result "0-1"]
[WhiteElo "2099"]
[BlackElo "2104"]
[PlyCount "100"]
[EventDate "2006.08.05"]

1. d4 d5 2. c4 c6 3. cxd5 cxd5 4. Nc3 Nc6 5. Nf3 Nf6 6. e3 Bg4 7. Be2 e6 8. O-O
a6 9. b3 Bd6 10. Bb2 O-O 11. Ne1 Bxe2 12. Qxe2 b5 13. Nd3 Qe7 14. Rac1 Rac8 15.
Nb1 Nd7 16. e4 dxe4 17. Qxe4 Nf6 18. Qf3 Nd5 19. g3 Ncb4 20. a3 Nxd3 21. Qxd3
Qb7 22. Qf3 a5 23. Nd2 Rxc1 24. Rxc1 Rc8 25. Ne4 Rxc1+ 26. Bxc1 Qc6 27. Kg2 Be7
28. Bd2 Qb6 29. Qd3 Bxa3 30. Ng5 Nf6 31. f3 Be7 32. d5 exd5 33. Bc3 h6 34. Nh3
b4 35. Bxf6 Bxf6 36. Qxd5 Qd8 37. Qc4 Qd2+ 38. Nf2 g6 39. Kf1 Bc3 40. Qe2 Qc1+
41. Qd1 Qb2 42. Qd5 Qa1+ 43. Qd1 Qa2 44. Qc1 Qxb3 45. Ng4 Bg7 46. Qc6 a4 47.
Qa8+ Kh7 48. Kg2 a3 49. Kh3 a2 50. Qa7 a1=Q 0-1

[Event "First Saturday 2006 augusztus FM-A"]
[Site "Budapest"]
[Date "2006.08.10"]
[Round "6"]
[White "Szabo, Bence"]
[Black "Csapo, Zoltan"]
[Result "1/2-1/2"]
[WhiteElo "2040"]
[BlackElo "2210"]
[PlyCount "83"]
[EventDate "2006.08.05"]

1. Nf3 g6 2. d4 Bg7 3. g3 c5 4. Bg2 cxd4 5. Nxd4 Nc6 6. Nb3 Nf6 7. c4 d6 8. Nc3
O-O 9. O-O Bg4 10. c5 d5 11. Be3 Qc8 12. Re1 Rd8 13. Bf4 d4 14. Nb5 a6 15. Na3
e5 16. Bd2 e4 17. Qc1 Bh3 18. Bh1 Qf5 19. Bf4 Ne5 20. Nc2 d3 21. Ne3 Qh5 22.
Bxe5 Qxe5 23. exd3 Rxd3 24. Nc4 Qh5 25. Qc2 Bg4 26. Ncd2 Bf5 27. Nxe4 Ng4 28.
h4 Ne5 29. Nbd2 Rad8 30. Rad1 Bg4 31. Rc1 g5 32. hxg5 Bf5 33. Rcd1 Ng4 34. Nf1
R3d4 35. Rxd4 Bxd4 36. Nf6+ Nxf6 37. Qxf5 Ng4 38. Re2 Nh2 39. Re1 Ng4 40. Re2
Nh2 41. Re1 Ng4 42. Re2 1/2-1/2

[Event "First Saturday 2006 augusztus FM-A"]
[Site "Budapest"]
[Date "2006.08.10"]
[Round "6"]
[White "Mizsei, Janos"]
[Black "Balogh, Laszlo"]
[Result "1/2-1/2"]
[WhiteElo "2131"]
[BlackElo "2200"]
[PlyCount "98"]
[EventDate "2006.08.05"]

1. d4 Nf6 2. c4 Nc6 3. Nf3 e6 4. Nc3 Bb4 5. Qc2 O-O 6. e4 Bxc3+ 7. bxc3 d6 8.
Be2 h6 9. O-O e5 10. Rb1 Qe7 11. d5 Na5 12. h3 b6 13. Be3 Re8 14. Nd2 Ba6 15.
Qa4 Qd7 16. Rb4 Qxa4 17. Rxa4 Bc8 18. c5 dxc5 19. Bxc5 Nb7 20. Be3 Nd6 21. f3
Bd7 22. Rb4 c6 23. c4 c5 24. Rb2 Ba4 25. g3 g5 26. Kg2 Nh7 27. g4 Kg7 28. h4 f6
29. h5 Nf8 30. Nb1 Rec8 31. Nc3 Be8 32. a4 Kf7 33. Ra1 Rab8 34. a5 Nd7 35. axb6
axb6 36. Ra6 Ra8 37. Rba2 Rxa6 38. Rxa6 Ke7 39. Na4 Rb8 40. Kf2 Rb7 41. Ke1 Nb8
42. Ra8 Bxa4 43. Rxa4 Kd7 44. Kd2 Kc7 45. Kc3 Nc8 46. Bd1 Ra7 47. Bd2 Rxa4 48.
Bxa4 Nd6 49. Kb3 Na6 1/2-1/2

[Event "First Saturday 2006 augusztus FM-A"]
[Site "Budapest"]
[Date "2006.08.10"]
[Round "6"]
[White "Kubacsny, Vilmos"]
[Black "Hoang, Tri"]
[Result "0-1"]
[WhiteElo "2079"]
[BlackElo "2147"]
[PlyCount "56"]
[EventDate "2006.08.05"]

1. e4 e5 2. Nf3 Nf6 3. Nxe5 d6 4. Nf3 Nxe4 5. d4 d5 6. Be2 Nc6 7. O-O Be7 8. c4
dxc4 9. Bxc4 Bg4 10. Nc3 Bxf3 11. Qxf3 Nd6 12. Qd3 Nxc4 13. Qxc4 Qxd4 14. Qe2
O-O 15. Be3 Qe5 16. f4 Qf5 17. g4 Qa5 18. Qf2 Rfe8 19. a3 Bf6 20. b4 Qa6 21. b5
Qa5 22. bxc6 Qxc3 23. cxb7 Rab8 24. Bxa7 Rxb7 25. Rfe1 Ra8 26. Rad1 h6 27. Re3
Qc4 28. Bd4 Rd8 0-1

[Event "First Saturday 2006 augusztus FM-A"]
[Site "Budapest"]
[Date "2006.08.10"]
[Round "6"]
[White "Juhasz, Mark"]
[Black "Ohme, Melanie"]
[Result "1-0"]
[WhiteElo "2169"]
[BlackElo "2123"]
[PlyCount "87"]
[EventDate "2006.08.05"]

1. c4 f5 2. g3 Nf6 3. Bg2 g6 4. Nc3 Bg7 5. d3 O-O 6. e4 e5 7. Nge2 d6 8. O-O
Nc6 9. exf5 Bxf5 10. h3 Kh8 11. g4 Be6 12. Be3 Qd7 13. Rb1 Rf7 14. b4 Raf8 15.
b5 Nd8 16. Qd2 d5 17. Bc5 Re8 18. cxd5 Nxd5 19. Ne4 Nf4 20. Nxf4 Rxf4 21. Be3
Rff8 22. Nc5 Qc8 23. d4 b6 24. Ne4 Nf7 25. d5 Rd8 26. Nc3 Bd7 27. a4 Nd6 28.
Qd3 Rde8 29. Rbc1 h5 30. Qxg6 hxg4 31. Ne4 Nxe4 32. Bxe4 Bf5 33. Bxf5 Qxf5 34.
Qxf5 Rxf5 35. Rxc7 gxh3 36. d6 Rg8 37. Kh1 Rf6 38. d7 Rg6 39. Rg1 Rd6 40. Bg5
h2 41. Re1 Bf6 42. Bxf6+ Rxf6 43. Rxe5 Rff8 44. Rh5+ 1-0

[Event "First Saturday 2006 augusztus FM-A"]
[Site "Budapest"]
[Date "2006.08.11"]
[Round "7"]
[White "Ohme, Melanie"]
[Black "Bolvary, Tamara"]
[Result "1-0"]
[WhiteElo "2123"]
[BlackElo "2104"]
[PlyCount "85"]
[EventDate "2006.08.05"]

1. e4 c5 2. Nf3 e6 3. d4 cxd4 4. Nxd4 a6 5. Bd3 Qb6 6. c3 Qc7 7. O-O Nf6 8. Qe2
d6 9. f4 Nbd7 10. c4 b6 11. Nc3 Bb7 12. Kh1 g6 13. f5 e5 14. Ne6 fxe6 15. fxe6
Bg7 16. exd7+ Qxd7 17. Be3 O-O 18. Bxb6 Nh5 19. Be3 Nf4 20. Qd2 Qg4 21. Rf2 Rf6
22. Raf1 Raf8 23. g3 Nh5 24. Rxf6 Rxf6 25. Rxf6 Nxf6 26. Qg2 h5 27. h3 Qd7 28.
Nd5 Nh7 29. Kh2 Bf6 30. g4 h4 31. Bf2 Bg5 32. Qf3 Bxd5 33. exd5 Bf4+ 34. Kg2 g5
35. Qe4 Nf8 36. c5 a5 37. c6 Qc7 38. b4 axb4 39. Qxb4 Qf7 40. Be4 Bg3 41. Qd2
Bf4 42. Qc2 Qc7 43. a4 1-0

[Event "First Saturday 2006 augusztus FM-A"]
[Site "Budapest"]
[Date "2006.08.11"]
[Round "7"]
[White "Hoang, Tri"]
[Black "Juhasz, Mark"]
[Result "1-0"]
[WhiteElo "2147"]
[BlackElo "2169"]
[PlyCount "75"]
[EventDate "2006.08.05"]

1. d4 Nf6 2. Bg5 Ne4 3. Bf4 c5 4. f3 Qa5+ 5. c3 Nf6 6. Nd2 cxd4 7. Nb3 Qb6 8.
Qxd4 Nc6 9. Qxb6 axb6 10. e4 d5 11. Be3 e5 12. Bxb6 dxe4 13. Bc4 Be7 14. a3 O-O
15. O-O-O Bd8 16. Bxd8 Nxd8 17. Re1 Be6 18. Nd2 Rc8 19. Bb5 Nc6 20. Bxc6 Rxc6
21. Nxe4 Nxe4 22. Rxe4 Rd8 23. Rxe5 Bb3 24. Ne2 f6 25. Re3 b5 26. Kb1 Rb6 27.
Nd4 Bc4 28. Rhe1 Kf8 29. Kc2 Rbd6 30. Kd2 R8d7 31. Ra1 h5 32. Ke1 Kf7 33. Kf2
Rb6 34. Rae1 g5 35. Re8 h4 36. Rc8 Kg7 37. Rc5 Rb8 38. a4 1-0

[Event "First Saturday 2006 augusztus FM-A"]
[Site "Budapest"]
[Date "2006.08.11"]
[Round "7"]
[White "Balogh, Laszlo"]
[Black "Kubacsny, Vilmos"]
[Result "0-1"]
[WhiteElo "2200"]
[BlackElo "2079"]
[PlyCount "76"]
[EventDate "2006.08.05"]

1. d4 Nf6 2. Bg5 b6 3. Nd2 Bb7 4. Ngf3 h6 5. Bf4 d6 6. e3 Nbd7 7. h3 g5 8. Bg3
Bg7 9. Bd3 O-O 10. Qe2 c5 11. c3 Re8 12. O-O e5 13. dxe5 dxe5 14. e4 Nh5 15.
Bh2 Nf4 16. Bxf4 exf4 17. Ba6 Bc6 18. Bb5 Qc7 19. a4 a5 20. Bxc6 Qxc6 21. Rfe1
Re6 22. Qb5 Qxb5 23. axb5 Rae8 24. Kf1 Nf6 25. Ra4 Nd7 26. g3 fxg3 27. fxg3 Be5
28. Kf2 Bc7 29. Rc4 Ne5 30. Nxe5 Bxe5 31. Ra4 f5 32. Kg2 Bc7 33. Kf3 h5 34. g4
fxg4+ 35. hxg4 h4 36. Raa1 Rf8+ 37. Kg2 Rf4 38. Kh3 Rf2 0-1

[Event "First Saturday 2006 augusztus FM-A"]
[Site "Budapest"]
[Date "2006.08.11"]
[Round "7"]
[White "Csapo, Zoltan"]
[Black "Mizsei, Janos"]
[Result "1-0"]
[WhiteElo "2210"]
[BlackElo "2131"]
[PlyCount "111"]
[EventDate "2006.08.05"]

1. e4 e6 2. d4 d5 3. Nd2 Nf6 4. Bd3 Be7 5. Ngf3 O-O 6. Qe2 dxe4 7. Nxe4 Nbd7 8.
Bg5 h6 9. Bd2 b6 10. O-O-O Bb7 11. Ng3 c5 12. dxc5 Nxc5 13. Bc4 Qc7 14. Ne5
Rac8 15. Bc3 Na4 16. Bd4 Rfd8 17. Kb1 Ba3 18. Bb3 Rxd4 19. Rxd4 Nc3+ 20. bxc3
Qxc3 21. Nc4 Rxc4 22. Rd8+ Kh7 23. Qd3+ Qxd3 24. Rxd3 Rb4 25. c3 Rb5 26. c4 Rb4
27. f3 a5 28. Ka1 a4 29. Bc2 Bb2+ 30. Kb1 Ba3+ 31. Rb3+ g6 32. Rxb4 Bxb4 33.
Bxa4 h5 34. Ne2 g5 35. h3 Ng8 36. Rd1 Nf6 37. Nd4 g4 38. Nc6 Bc5 39. Nd8 Ba8
40. hxg4 hxg4 41. Nxf7 gxf3 42. Ng5+ Kh6 43. Nxf3 e5 44. Nxe5 Bxg2 45. Bc2 Kg7
46. Kb2 Kf8 47. Kb3 Ke8 48. Ka4 Bh3 49. Kb5 Nd7 50. Bg6+ Kd8 51. Nd3 Be3 52.
Nb4 Kc8 53. Rd3 Ne5 54. Rxe3 Bd7+ 55. Ka6 Nxg6 56. Kxb6 1-0

[Event "First Saturday 2006 augusztus FM-A"]
[Site "Budapest"]
[Date "2006.08.11"]
[Round "7"]
[White "Varga, Karoly"]
[Black "Szabo, Bence"]
[Result "1/2-1/2"]
[WhiteElo "2104"]
[BlackElo "2040"]
[PlyCount "70"]
[EventDate "2006.08.05"]

1. e4 c5 2. c4 Nc6 3. Nc3 e6 4. g3 g6 5. Bg2 Bg7 6. Nge2 Nge7 7. O-O d6 8. d3
O-O 9. Be3 Nd4 10. Qd2 Re8 11. f4 Nec6 12. h3 Qa5 13. Rae1 a6 14. Kh2 Rb8 15.
g4 Nxe2 16. Rxe2 Nd4 17. Ref2 f5 18. a3 Bd7 19. Nb1 Qd8 20. b4 fxg4 21. hxg4
Qh4+ 22. Bh3 g5 23. fxg5 Be5+ 24. Bf4 Qxg5 25. Bxe5 Qxe5+ 26. Qf4 Qxf4+ 27.
Rxf4 b6 28. Rf7 Rbd8 29. Kg3 Rf8 30. Rxf8+ Rxf8 31. Rxf8+ Kxf8 32. bxc5 bxc5
33. Nc3 Bc6 34. g5 Kf7 35. Bg4 Kg6 1/2-1/2

[Event "First Saturday 2006 augusztus FM-A"]
[Site "Budapest"]
[Date "2006.08.11"]
[Round "7"]
[White "Fekete, Jozsef"]
[Black "Honsch, Pal"]
[Result "1-0"]
[WhiteElo "2193"]
[BlackElo "2099"]
[PlyCount "57"]
[EventDate "2006.08.05"]

1. e4 c5 2. Nc3 Nc6 3. g3 g6 4. Bg2 Bg7 5. d3 e6 6. Be3 d6 7. Qd2 Nge7 8. Bh6
O-O 9. Nge2 d5 10. Bxg7 Kxg7 11. exd5 exd5 12. d4 cxd4 13. Nxd4 Qb6 14. Nb3 Be6
15. O-O Rad8 16. Rfe1 d4 17. Ne2 Bd5 18. Bxd5 Rxd5 19. Rad1 Rfd8 20. Nf4 R5d6
21. h4 h5 22. Nd3 Rd5 23. Re4 Nf5 24. Nf4 Re5 25. Nxh5+ Kg8 26. Qf4 Nxh4 27.
Rxe5 Nf3+ 28. Qxf3 Nxe5 29. Qf6 1-0

[Event "First Saturday 2006 augusztus FM-A"]
[Site "Budapest"]
[Date "2006.08.11"]
[Round "7"]
[White "Daamen, Ferry"]
[Black "Letay, Gyula"]
[Result "0-1"]
[WhiteElo "2118"]
[BlackElo "2172"]
[PlyCount "70"]
[EventDate "2006.08.05"]

1. e4 c5 2. Nf3 d6 3. d4 cxd4 4. Nxd4 Nf6 5. Nc3 a6 6. Be2 e5 7. Nb3 Be7 8. O-O
Be6 9. Be3 Nbd7 10. a4 Qc7 11. Kh1 Rc8 12. a5 O-O 13. f3 Bc4 14. Bxc4 Qxc4 15.
Rf2 Rfd8 16. Rd2 Nc5 17. Kg1 Qe6 18. Nd5 Nxd5 19. Rxd5 Nd7 20. Rd3 Nf6 21. Bg5
Nh5 22. Be3 h6 23. Bb6 Rf8 24. g3 f5 25. Rd2 fxe4 26. fxe4 Nf6 27. Qf3 Rc4 28.
Qg2 Nxe4 29. Re2 Ng5 30. Rf1 Nh3+ 31. Kh1 Rxf1+ 32. Qxf1 Qd5+ 33. Rg2 Rxc2 34.
Bg1 Nxg1 35. Kxg1 Qxb3 0-1

[Event "First Saturday 2006 augusztus FM-A"]
[Site "Budapest"]
[Date "2006.08.12"]
[Round "8"]
[White "Bolvary, Tamara"]
[Black "Letay, Gyula"]
[Result "0-1"]
[WhiteElo "2104"]
[BlackElo "2172"]
[PlyCount "82"]
[EventDate "2006.08.05"]

1. e4 c5 2. Nc3 Nc6 3. f4 e6 4. Nf3 d5 5. exd5 exd5 6. Bb5 Nf6 7. O-O Be7 8.
Ne5 Bd7 9. Nxd7 Qxd7 10. d3 O-O 11. f5 a6 12. Bxc6 Qxc6 13. Bg5 Rfe8 14. Qf3
Rad8 15. Rae1 b5 16. Re5 b4 17. Nd1 h6 18. Rfe1 hxg5 19. Rxe7 Rxe7 20. Rxe7 Qd6
21. Re1 c4 22. Nf2 Qc5 23. Kf1 Qd4 24. dxc4 Qxc4+ 25. Qd3 Qxa2 26. b3 Rc8 27.
Re2 Qa1+ 28. Qd1 Qxd1+ 29. Nxd1 Ne4 30. Ne3 Nc3 31. Rd2 Rc5 32. Rd4 a5 33. Rg4
f6 34. Rd4 Kf7 35. Kf2 g6 36. g4 gxf5 37. gxf5 Ke7 38. Kf3 Kd6 39. Nc4+ Kc6 40.
Ne3 Nb5 41. Rd3 d4 0-1

[Event "First Saturday 2006 augusztus FM-A"]
[Site "Budapest"]
[Date "2006.08.12"]
[Round "8"]
[White "Szabo, Bence"]
[Black "Fekete, Jozsef"]
[Result "1/2-1/2"]
[WhiteElo "2040"]
[BlackElo "2193"]
[PlyCount "74"]
[EventDate "2006.08.05"]

1. e4 d6 2. d4 g6 3. Nc3 Bg7 4. f4 c6 5. Nf3 Bg4 6. Be2 Qb6 7. e5 Nh6 8. Ne4
Nf5 9. c3 O-O 10. Qb3 Nd7 11. O-O Rfe8 12. h3 Bxf3 13. Bxf3 d5 14. Nf2 Ng3 15.
Re1 f5 16. Bxd5+ cxd5 17. Qxd5+ Kh8 18. Qxd7 Rad8 19. Qa4 Bh6 20. Qc2 Rg8 21.
Qd3 Nh5 22. Qf3 Qe6 23. Nd3 Rg7 24. Be3 Qf7 25. Re2 e6 26. h4 Qc7 27. Nc5 Re7
28. Rd2 b6 29. Nd3 Bf8 30. Rc1 Rg7 31. c4 Qf7 32. Nf2 h6 33. d5 Be7 34. Rcd1
Rdg8 35. Qh3 g5 36. hxg5 hxg5 37. dxe6 Qe8 1/2-1/2

[Event "First Saturday 2006 augusztus FM-A"]
[Site "Budapest"]
[Date "2006.08.12"]
[Round "8"]
[White "Mizsei, Janos"]
[Black "Varga, Karoly"]
[Result "0-1"]
[WhiteElo "2131"]
[BlackElo "2104"]
[PlyCount "70"]
[EventDate "2006.08.05"]

1. d4 Nf6 2. c4 e6 3. Nf3 b6 4. g3 Bb7 5. a3 c5 6. dxc5 Bxc5 7. b4 Be7 8. Bg2
O-O 9. O-O a5 10. b5 d6 11. Bb2 Nbd7 12. Nbd2 Nc5 13. Nd4 Bxg2 14. Kxg2 Rc8 15.
N2b3 Qd7 16. Nxc5 Rxc5 17. Rc1 Rfc8 18. Qd3 d5 19. Nc6 Bd6 20. Rfd1 Ne8 21. a4
dxc4 22. Rxc4 R8xc6 23. Rd4 Rc8 24. Rh4 Qb7+ 25. Kg1 h6 26. Qe3 Rd5 27. Rxd5
Qxd5 28. Qxb6 Be5 29. Ba3 Rc3 30. Qxa5 Rxa3 31. e4 Qd1+ 32. Kg2 Qf3+ 33. Kh3 g5
34. Rxh6 Kg7 35. Rh8 Bf6 0-1

[Event "First Saturday 2006 augusztus FM-A"]
[Site "Budapest"]
[Date "2006.08.12"]
[Round "8"]
[White "Kubacsny, Vilmos"]
[Black "Csapo, Zoltan"]
[Result "1/2-1/2"]
[WhiteElo "2079"]
[BlackElo "2210"]
[PlyCount "108"]
[EventDate "2006.08.05"]

1. d4 Nf6 2. c4 g6 3. f3 Bg7 4. Nc3 d6 5. e4 Nbd7 6. Be3 c6 7. Qd2 e5 8. d5
cxd5 9. cxd5 a6 10. g4 b5 11. h4 Nb6 12. b3 h5 13. g5 Nfd7 14. a4 bxa4 15. Nxa4
Nxa4 16. Rxa4 Nc5 17. Bxc5 dxc5 18. Bc4 Bf8 19. Ne2 Bd6 20. Nc3 O-O 21. Ke2 Kh7
22. Rha1 Rb8 23. Rxa6 Bxa6 24. Rxa6 Rb6 25. Ra7 Bb8 26. Ra8 f5 27. Qa2 Qc8 28.
Qa5 Rd6 29. Bd3 Qb7 30. Bc4 Rd7 31. Ra6 Rdf7 32. Qxc5 fxe4 33. Nxe4 Rxf3 34.
Nf6+ R3xf6 35. Rxf6 Rc8 36. Rf7+ Qxf7 37. Qxc8 Bd6 38. Qe6 Qxe6 39. dxe6 Kg7
40. Ke3 Kf8 41. Ke4 Ke7 42. Kd5 e4 43. Kxe4 Bg3 44. Kd5 Bxh4 45. Bd3 Bxg5 46.
Bxg6 h4 47. Bf5 Bd2 48. Kc4 Kd6 49. b4 Bg5 50. Kd4 Be7 51. Kc4 Bg5 52. Kd4 Be7
53. b5 Kc7 54. Ke4 Kb6 1/2-1/2